[Event "EU Small Countries blitz op 8th"]
[Site "St Helier"]
[Date "2023.11.02"]
[Round "3"]
[White "Ferster, Fabian"]
[Black "Nevska, Gerda"]
[Result "1-0"]
[WhiteElo "2108"]
[BlackElo "1858"]
[PlyCount "31"]
[EventDate "2023.11.02"]
[EventType "swiss (blitz)"]
[EventRounds "11"]
[EventCountry "GCI"]
[SourceTitle "CB46_2023"]
[SourceDate "2023.11.15"]
[SourceVersion "1"]
[SourceVersionDate "2023.11.15"]
[SourceQuality "1"]

1. e4 Nc6 2. Nf3 b6 3. d4 d5 4. exd5 Qxd5 5. Nc3 Qd8 6. d5 Nb8 7. Ne5 a6 8. Qf3 Nf6 9. d6 Qxd6 10. Qxa8 Qxe5+ 11. Be2 c6 12. 0-0 e6 13. Bf3 Qc7 14. Be3 Bb7 15. Qa7 c5 16. Qxb7 1-0

[Event "Biel HTO 54th"]
[Site "Biel"]
[Date "2021.08.01"]
[Round "6"]
[White "Ferster, Fabian"]
[Black "Manukonda, Arun"]
[Result "0-1"]
[WhiteElo "2143"]
[BlackElo "2033"]
[PlyCount "112"]
[EventDate "2021.07.26"]
[EventType "swiss"]
[EventRounds "9"]
[EventCountry "SUI"]
[SourceTitle "CBM 203 Extra"]
[Source "ChessBase"]
[SourceDate "2021.09.30"]
[SourceVersion "1"]
[SourceVersionDate "2021.09.30"]
[SourceQuality "1"]

1. c4 e5 2. g3 Nf6 3. Bg2 Bc5 4. Nc3 0-0 5. e3 Re8 6. Nge2 c6 7. 0-0 d6 8. b3 Bg4 9. h3 Bf5 10. d4 Bb6 11. Ba3 Na6 12. g4 Bg6 13. Ng3 exd4 14. exd4 Ba5 15. Rc1 Nb4 16. f4 Re3 17. Rf3 Qe7 18. Qd2 Rxf3 19. Bxf3 Nxa2 20. Qxa2 Bxc3 21. Qf2 Ba5 22. f5 Re8 23. Kg2 Be1 24. Qe2 Qd8 25. Qd3 Qa5 26. b4 Bxb4 27. Bxb4 Qxb4 28. fxg6 hxg6 29. Rb1 Qa5 30. Rxb7 Qa2+ 31. Ne2 d5 32. cxd5 Nxd5 33. Bxd5 Rxe2+ 34. Kf3 Rf2+ 35. Kg3 cxd5 36. Qe3 Rf6 37. h4 Qa6 38. Re7 Qd6+ 39. Re5 Re6 40. Kh3 Rxe5 41. dxe5 Qb6 42. Qd3 d4 43. e6 Qxe6 44. Qxd4 a6 45. Kg3 Kh7 46. Qa7 Qa2 47. h5 gxh5 48. gxh5 Qe6 49. Qb8 Qf5 50. Kh4 a5 51. Qa8 Qf4+ 52. Kh3 a4 53. Qa7 Qf3+ 54. Kh4 f5 55. Qxg7+ Kxg7 56. h6+ Kf6 0-1

[Event "EU-Cup Online Gr-A"]
[Site "Tornelo INT"]
[Date "2021.03.27"]
[Round "1.3"]
[White "Shirov, Alexei"]
[Black "Ferster, Fabian"]
[Result "1-0"]
[WhiteElo "2662"]
[BlackElo "2149"]
[PlyCount "59"]
[EventDate "2021.03.27"]
[EventType "team-tourn (rapid)"]
[EventRounds "9"]
[EventCountry "NET"]
[SourceTitle "CBM 201 Extra"]
[Source "ChessBase"]
[SourceDate "2021.05.31"]
[SourceVersion "1"]
[SourceVersionDate "2021.05.31"]
[SourceQuality "1"]
[WhiteTeam "Baden Baden"]
[BlackTeam "Triesen"]
[WhiteTeamCountry "GER"]
[BlackTeamCountry "LIE"]

1. d4 Nf6 2. c4 g6 3. Nc3 d5 4. cxd5 Nxd5 5. Bd2 Bg7 6. e4 Nxc3 7. Bxc3 c5 8. Ne2 0-0 9. d5 b5 10. Bxg7 Kxg7 11. Qd2 Qd6 12. Ng3 f5 13. Bxb5 fxe4 14. Nxe4 Qe5 15. Qc3 Qxc3+ 16. Nxc3 Nd7 17. 0-0 Nf6 18. Rfe1 Rf7 19. Bc4 Bb7 20. d6 exd6 21. Bxf7 Kxf7 22. Nb5 Rd8 23. Nxa7 d5 24. Rac1 c4 25. b3 Ne4 26. bxc4 d4 27. c5 d3 28. c6 d2 29. cxb7 Nc5 30. Nc6 1-0

[Event "Dresden ZMD op"]
[Site "Dresden"]
[Date "2019.08.10"]
[Round "1"]
[White "Ferster, Fabian"]
[Black "Heimann, Andreas"]
[Result "1/2-1/2"]
[WhiteElo "2136"]
[BlackElo "2635"]
[PlyCount "70"]
[EventDate "2019.08.10"]
[EventType "swiss"]
[EventRounds "9"]
[EventCountry "GER"]
[SourceTitle "CBM 191 Extra"]
[Source "ChessBase"]
[SourceDate "2019.09.30"]
[SourceVersion "1"]
[SourceVersionDate "2019.09.30"]
[SourceQuality "1"]

1. c4 c5 2. Nc3 g6 3. g3 Bg7 4. Bg2 Nc6 5. e3 e5 6. Nge2 Nge7 7. 0-0 0-0 8. f4 d6 9. b3 Nb4 10. a3 Nd3 11. Qc2 Nxc1 12. Raxc1 Rb8 13. Nd5 f5 14. b4 e4 15. Nec3 Nxd5 16. Nxd5 Be6 17. bxc5 dxc5 18. d3 exd3 19. Qxd3 Kh8 20. Rfd1 Re8 21. Rb1 Qd7 22. Qb3 Qf7 23. Kh1 Red8 24. a4 Rd7 25. Qa3 b6 26. a5 Rd6 27. Rd3 Bxd5 28. Bxd5 Qc7 29. axb6 Rdxb6 30. Rdb3 Bf6 31. Kg2 Kg7 32. Qa5 Bd8 33. Qc3+ Bf6 34. Qa5 Bd8 35. Qc3+ Bf6 1/2-1/2

[Event "Biel MTO op 52nd"]
[Site "Biel"]
[Date "2019.07.22"]
[Round "1"]
[White "Santos Ruiz, Miguel"]
[Black "Ferster, Fabian"]
[Result "1-0"]
[WhiteElo "2567"]
[BlackElo "2150"]
[PlyCount "65"]
[EventDate "2019.07.22"]
[EventType "swiss"]
[EventRounds "9"]
[EventCountry "SUI"]
[SourceTitle "CBM 191 Extra"]
[Source "ChessBase"]
[SourceDate "2019.09.30"]
[SourceVersion "1"]
[SourceVersionDate "2019.09.30"]
[SourceQuality "1"]

1. d4 d5 2. c4 Nc6 3. cxd5 Qxd5 4. e3 e5 5. Nc3 Bb4 6. Bd2 Bxc3 7. bxc3 Nf6 8. c4 Qd6 9. d5 Nb8 10. Qb1 Na6 11. Ne2 0-0 12. Nc3 c6 13. e4 Nc5 14. Be2 Rb8 15. 0-0 b5 16. cxb5 cxd5 17. exd5 Nxd5 18. Nxd5 Qxd5 19. Rd1 Bb7 20. Bf1 Rfc8 21. Be3 Qe6 22. Qb4 Ne4 23. Rac1 Ra8 24. Rxc8+ Rxc8 25. Qa5 Qe7 26. Qxa7 Nc3 27. Bc5 Rxc5 28. Qxb7 Qe8 29. Rd2 g6 30. b6 Na4 31. Qa7 Rc1 32. b7 Rb1 33. Qa8 1-0

[Event "Zuerich op-A 40th"]
[Site "Zuerich"]
[Date "2016.12.26"]
[Round "1"]
[White "Ferster, Fabian"]
[Black "Moussard, Jules"]
[Result "0-1"]
[WhiteElo "2188"]
[BlackElo "2571"]
[PlyCount "102"]
[EventDate "2016.12.26"]
[EventType "swiss"]
[EventRounds "7"]
[EventCountry "SUI"]
[SourceTitle "CBM 176 Extra"]
[Source "ChessBase"]
[SourceDate "2017.03.02"]
[SourceVersion "1"]
[SourceVersionDate "2017.03.02"]
[SourceQuality "1"]

1. c4 Nf6 2. Nf3 b6 3. g3 Bb7 4. Bg2 g6 5. b3 Bg7 6. Bb2 c5 7. 0-0 0-0 8. d4 Na6 9. e3 d5 10. Ne5 cxd4 11. exd4 Qc8 12. Qe2 dxc4 13. Bxb7 Qxb7 14. bxc4 Nd7 15. f4 Rac8 16. Nd2 Nb4 17. a3 Nc6 18. Rae1 Na5 19. d5 Nf6 20. Bc3 Qc7 21. Bxa5 bxa5 22. Qe3 Rfe8 23. Ndf3 e6 24. d6 Qxd6 25. Qxa7 Qc7 26. Qxc7 Rxc7 27. Rb1 Bf8 28. Rb5 Ra8 29. Kg2 a4 30. Ra1 Ne4 31. Nd4 Nd2 32. Ra2 Nxc4 33. Nxc4 Rxc4 34. Nc2 Rc3 35. Rb7 Bc5 36. Rb5 Kf8 37. Nb4 h6 38. Rb7 Ra7 39. Rb8+ Kg7 40. Nc6 Bd6 41. Nxa7 Bxb8 42. Nb5 Rb3 43. Nd4 Rd3 44. Nb5 g5 45. fxg5 hxg5 46. Rc2 Be5 47. Rc4 Rb3 48. Rc5 Kf6 49. g4 Rb2+ 50. Kf3 Rxh2 51. Na7 Bd4 0-1

[Event "Vienna op-A"]
[Site "Vienna"]
[Date "2016.08.20"]
[Round "6"]
[White "Ferster, Fabian"]
[Black "Formento, Paolo"]
[Result "1/2-1/2"]
[WhiteElo "2186"]
[BlackElo "2298"]
[PlyCount "88"]
[EventDate "2016.08.16"]
[EventType "swiss"]
[EventRounds "9"]
[EventCountry "AUT"]
[SourceTitle "CBM 173 Extra"]
[Source "ChessBase"]
[SourceDate "2016.08.29"]
[SourceVersion "1"]
[SourceVersionDate "2016.08.29"]
[SourceQuality "1"]

1. d4 e6 2. Nf3 Nf6 3. c4 Bb4+ 4. Nbd2 d5 5. a3 Be7 6. e3 0-0 7. Bd3 dxc4 8. Nxc4 b6 9. 0-0 Bb7 10. Qe2 Nbd7 11. Rd1 Ne4 12. Qc2 f5 13. b4 Rc8 14. Bb2 c5 15. dxc5 bxc5 16. b5 Bf6 17. Bf1 Qc7 18. a4 g5 19. Bxf6 Rxf6 20. Qb2 Bd5 21. Nfe5 Nxe5 22. Qxe5 Qxe5 23. Nxe5 Rff8 24. Bc4 Nf6 25. Rac1 Rc7 26. h3 Kg7 27. Rc2 Rfc8 28. Rdc1 Ne4 29. Nd3 Kf6 30. f3 Bxc4 31. Rxc4 Rd8 32. Nxc5 Nxc5 33. Rxc5 Rxc5 34. Rxc5 Rd1+ 35. Kf2 Ra1 36. Rc7 Rxa4 37. Rxh7 f4 38. exf4 gxf4 39. Kg1 Ra1+ 40. Kh2 e5 41. h4 Kg6 42. Rb7 Rb1 43. g4 fxg3+ 44. Kxg3 Rb3 1/2-1/2

[Event "Vienna op-A"]
[Site "Vienna"]
[Date "2016.08.17"]
[Round "2"]
[White "Ferster, Fabian"]
[Black "Arkell, Keith C"]
[Result "0-1"]
[WhiteElo "2186"]
[BlackElo "2464"]
[PlyCount "124"]
[EventDate "2016.08.16"]
[EventType "swiss"]
[EventRounds "9"]
[EventCountry "AUT"]
[SourceTitle "CBM 173 Extra"]
[Source "ChessBase"]
[SourceDate "2016.08.29"]
[SourceVersion "1"]
[SourceVersionDate "2016.08.29"]
[SourceQuality "1"]

1. Nf3 d6 2. c4 c5 3. d4 cxd4 4. Nxd4 Nc6 5. Nc3 g6 6. e4 Bg7 7. Nc2 Bxc3+ 8. bxc3 Nf6 9. f3 Qa5 10. Be2 Qxc3+ 11. Bd2 Qe5 12. 0-0 g5 13. f4 gxf4 14. Bxf4 Qe6 15. Nd4 Nxd4 16. Qxd4 Rg8 17. e5 dxe5 18. Qxe5 Qxe5 19. Bxe5 Nd7 20. Bd4 Nf8 21. Bh5 Ng6 22. Rab1 Be6 23. Rxb7 Bxc4 24. Rc1 Bd5 25. Rbc7 Nf4 26. Bc5 Nxh5 27. Rxe7+ Kd8 28. Re5 Nf4 29. Rd1 Kc7 30. Kf2 Rae8 31. Rexd5 Nxd5 32. Rxd5 Rd8 33. Rf5 Rd2+ 34. Kf3 Rd3+ 35. Ke4 Rd7 36. Bxa7 Rxg2 37. Ra5 Rxh2 38. Bc5 Kc6 39. Bf8 Rh4+ 40. Ke3 Rdd4 41. Rf5 Rd7 42. a3 Kc7 43. Bc5 Kd8 44. Bb4 Rb7 45. Rd5+ Ke8 46. Re5+ Kd7 47. Re7+ Kc6 48. Re5 Rb5 49. Re8 Rf5 50. Re7 h5 51. Re8 Rg4 52. Rh8 Kd5 53. Rd8+ Kc4 54. Rc8+ Kb3 55. Rh8 Rfg5 56. Rh7 Re5+ 57. Kf3 Rf5+ 58. Ke3 Kc4 59. Rh8 Re5+ 60. Kf3 Rgg5 61. Kf4 Kd3 62. Rd8+ Rd5 0-1

[Event "Berlin Kreuzberg op"]
[Site "Berlin"]
[Date "2016.07.23"]
[Round "8"]
[White "Ferster, Fabian"]
[Black "Richter, Goetz"]
[Result "1-0"]
[WhiteElo "2170"]
[BlackElo "2013"]
[PlyCount "51"]
[EventDate "2016.07.16"]
[EventType "swiss"]
[EventRounds "9"]
[EventCountry "GER"]
[SourceTitle "CBM 173 Extra"]
[Source "ChessBase"]
[SourceDate "2016.08.29"]
[SourceVersion "1"]
[SourceVersionDate "2016.08.29"]
[SourceQuality "1"]

1. d4 d6 2. e4 Nf6 3. Nc3 c6 4. f3 Nbd7 5. Be3 e5 6. Qd2 Be7 7. Bd3 Qc7 8. Nge2 a6 9. a4 b6 10. 0-0 Bb7 11. Ng3 g6 12. Be2 0-0 13. f4 Rfe8 14. dxe5 dxe5 15. f5 b5 16. Bg5 b4 17. Nd1 a5 18. Ne3 Rf8 19. Kh1 Ba6 20. Bxa6 Rxa6 21. Bh6 Rd8 22. fxg6 hxg6 23. Nef5 Bc5 24. Bg7 Nh7 25. Qh6 Bf8 26. Bxf8 1-0

[Event "Berlin Kreuzberg op"]
[Site "Berlin"]
[Date "2016.07.17"]
[Round "2"]
[White "Ferster, Fabian"]
[Black "Jess, Arne"]
[Result "1-0"]
[WhiteElo "2170"]
[BlackElo "1910"]
[PlyCount "63"]
[EventDate "2016.07.16"]
[EventType "swiss"]
[EventRounds "9"]
[EventCountry "GER"]
[SourceTitle "CBM 173 Extra"]
[Source "ChessBase"]
[SourceDate "2016.08.29"]
[SourceVersion "1"]
[SourceVersionDate "2016.08.29"]
[SourceQuality "1"]

1. d4 d5 2. c4 e5 3. dxe5 d4 4. Nf3 Nc6 5. Nbd2 Bg4 6. a3 Qe7 7. h3 Bxf3 8. Nxf3 f6 9. Qb3 0-0-0 10. exf6 Nxf6 11. Bg5 h6 12. Bxf6 Qxf6 13. 0-0-0 g5 14. g4 Ne5 15. Bg2 Nxf3 16. Bxf3 c6 17. Rd3 Rh7 18. Kb1 Re7 19. Rhd1 Bg7 20. Qa4 Kb8 21. b4 Qf4 22. R1d2 Qh2 23. c5 Qxf2 24. b5 cxb5 25. Qxb5 Rc8 26. Rb2 Rcc7 27. a4 Qg3 28. c6 b6 29. a5 Re5 30. Qa6 Qe1+ 31. Kc2 Rxa5 32. Qc4 1-0

[Event "Berlin Lichtenberger op 14th"]
[Site "Berlin"]
[Date "2015.08.18"]
[Round "4"]
[White "Ferster, Fabian"]
[Black "Bruedigam, Martin"]
[Result "1/2-1/2"]
[WhiteElo "2142"]
[BlackElo "2371"]
[PlyCount "127"]
[EventDate "2015.08.15"]
[EventType "swiss"]
[EventRounds "9"]
[EventCountry "GER"]
[SourceTitle "EXT 2016"]
[Source "ChessBase"]
[SourceDate "2015.10.08"]
[SourceVersion "1"]
[SourceVersionDate "2015.10.08"]
[SourceQuality "1"]

1. d4 Nf6 2. c4 e6 3. Nf3 Bb4+ 4. Nbd2 0-0 5. a3 Be7 6. e4 d5 7. e5 Ne4 8. h4 c5 9. Bd3 f5 10. exf6 Nxf6 11. dxc5 Nc6 12. b4 e5 13. cxd5 Nxd5 14. Bc4 Kh8 15. Ne4 Be6 16. Nfg5 Bg8 17. Nxh7 Nf4 18. Bxg8 Qxd1+ 19. Kxd1 Rfd8+ 20. Kc2 Kxg8 21. Bxf4 exf4 22. Nhg5 a5 23. Kc3 b6 24. Rhd1 Rdc8 25. b5 Na7 26. a4 Bxc5 27. Nxc5 Rxc5+ 28. Kd4 Rc2 29. f3 Re8 30. Re1 Rd8+ 31. Ke5 Nc8 32. Rad1 Rf8 33. Ne6 Re8 34. Rd8 Rxd8 35. Nxd8 Rxg2 36. Kxf4 Nd6 37. Rd1 Nc4 38. Ne6 Kf7 39. Ng5+ Ke7 40. Rd4 Nd6 41. Ne4 Nxe4 42. fxe4 Rh2 43. Kg3 Rb2 44. Kf3 Rb3+ 45. Kf4 Rh3 46. Rc4 Rxh4+ 47. Kf5 Rh5+ 48. Kg6 Rh1 49. Kxg7 Rg1+ 50. Kh6 Rb1 51. Rc6 Re1 52. Rxb6 Rxe4 53. Kg5 Rxa4 54. Kf5 Kd7 55. Ke5 Kc7 56. Rc6+ Kb7 57. Kd5 Rb4 58. Kc5 Rb1 59. Rb6+ Kc7 60. Ra6 Rc1+ 61. Kd4 Kb7 62. Rxa5 Kb6 63. Ra3 Kxb5 64. Rc3 1/2-1/2

[Event "Olympiad-41"]
[Site "Tromsoe"]
[Date "2014.08.06"]
[Round "5.1"]
[White "Ferster, Fabian"]
[Black "Li, Hui"]
[Result "1/2-1/2"]
[WhiteElo "2137"]
[BlackElo "1944"]
[PlyCount "60"]
[EventDate "2014.08.02"]
[EventType "team-swiss"]
[EventRounds "11"]
[EventCountry "NOR"]
[SourceTitle "CBM 162"]
[Source "ChessBase"]
[SourceDate "2014.09.17"]
[SourceVersion "1"]
[SourceVersionDate "2014.09.17"]
[SourceQuality "1"]
[WhiteTeam "Liechtenstein"]
[BlackTeam "Macau"]
[WhiteTeamCountry "LIE"]
[BlackTeamCountry "MAC"]

1. e4 c5 2. Nf3 d6 3. d4 cxd4 4. Nxd4 Nf6 5. Nc3 a6 6. h3 e6 7. g4 h6 8. Bg2 Qc7 9. 0-0 Nc6 10. Nxc6 bxc6 11. Qe2 Be7 12. f4 e5 13. Be3 a5 14. Qf3 Nd7 15. Rfd1 exf4 16. Bxf4 Ne5 17. Qf2 0-0 18. Ne2 Rb8 19. b3 Be6 20. Ng3 Bg5 21. Nf5 Bxf5 22. exf5 Bxf4 23. Qxf4 f6 24. Rd4 Rbd8 25. Rad1 Qb6 26. Qf2 Qc7 27. Qd2 Qb6 28. Kh1 Nf7 29. Ra4 Ra8 30. Re1 Ne5 1/2-1/2

[Event "Olympiad-40"]
[Site "Istanbul"]
[Date "2012.09.04"]
[Round "7.1"]
[White "Mohamed, Hassan1111"]
[Black "Ferster, Fabian"]
[Result "1/2-1/2"]
[WhiteElo "1790"]
[BlackElo "2144"]
[PlyCount "178"]
[EventDate "2012.08.28"]
[EventType "team-swiss"]
[EventRounds "11"]
[EventCountry "TUR"]
[SourceTitle "CBM 151"]
[Source "ChessBase"]
[SourceDate "2012.11.13"]
[SourceVersion "1"]
[SourceVersionDate "2012.11.13"]
[SourceQuality "1"]
[WhiteTeam "Maldives"]
[BlackTeam "Liechtenstein"]
[WhiteTeamCountry "MDV"]
[BlackTeamCountry "LIE"]

1. e4 e6 2. d4 d5 3. exd5 exd5 4. Nf3 Bd6 5. Bb5+ c6 6. Bd3 Bg4 7. 0-0 Ne7 8. Bg5 f6 9. Bh4 Nd7 10. Bg3 Bxg3 11. hxg3 Qc7 12. Re1 Nf8 13. Qe2 Be6 14. b4 0-0-0 15. b5 Re8 16. Qd2 Bd7 17. Nc3 Nfg6 18. bxc6 Bxc6 19. Ne2 Kb8 20. Rec1 Qd6 21. a4 h5 22. a5 h4 23. gxh4 Nxh4 24. Nxh4 Rxh4 25. g3 Rh6 26. Kg2 Reh8 27. Rh1 g5 28. Rxh6 Rxh6 29. Rh1 Rxh1 30. Kxh1 Qe6 31. Kg2 Bd7 32. Ng1 Nc6 33. Nf3 Qe7 34. a6 b6 35. c3 Kc7 36. Qc1 Qd6 37. Nd2 Na5 38. Qe1 Qe6 39. Qh1 Nc6 40. Qh7 Qe7 41. Qg6 Bc8 42. Qg8 Qe6 43. Qh7+ Kd6 44. c4 Qe7 45. c5+ bxc5 46. dxc5+ Kxc5 47. Qh1 Kb6 48. Qa1 Qb4 49. Qc1 Qd4 50. Bf1 Bf5 51. Nb3 Qb4 52. Qd1 Ne5 53. f3 g4 54. Qxd5 gxf3+ 55. Kh1 Nc6 56. Nd2 Be6 57. Nc4+ Qxc4 58. Bxc4 Bxd5 59. Bxd5 Nb4 60. Bxf3 Nxa6 61. Kg2 Nc5 62. Kf2 Kb5 63. Ke3 Kc4 64. Bc6 Ne6 65. Ke4 Nd4 66. Be8 f5+ 67. Kf4 a5 68. Bd7 Kd5 69. Be8 Ke6 70. Ba4 Ne2+ 71. Kf3 Nc3 72. Bb3+ Ke5 73. g4 fxg4+ 74. Kxg4 Ke4 75. Kg3 Ke3 76. Kg2 Kd2 77. Kf2 Kc1 78. Ke3 Kb2 79. Bg8 a4 80. Kd3 a3 81. Kd4 Ne2+ 82. Kc5 Kc3 83. Kb5 Nd4+ 84. Ka4 Kb2 85. Bf7 Ne2 86. Bg8 Nf4 87. Bf7 Nd3 88. Bg8 a2 89. Bxa2 Kxa2 1/2-1/2

[Event "Olympiad-40"]
[Site "Istanbul"]
[Date "2012.09.01"]
[Round "5.1"]
[White "Ferster, Fabian"]
[Black "Gemy Vargas, Jose Daniel"]
[Result "0-1"]
[WhiteElo "2144"]
[BlackElo "2345"]
[PlyCount "72"]
[EventDate "2012.08.28"]
[EventType "team-swiss"]
[EventRounds "11"]
[EventCountry "TUR"]
[SourceTitle "CBM 151"]
[Source "ChessBase"]
[SourceDate "2012.11.13"]
[SourceVersion "1"]
[SourceVersionDate "2012.11.13"]
[SourceQuality "1"]
[WhiteTeam "Liechtenstein"]
[BlackTeam "Bolivia"]
[WhiteTeamCountry "LIE"]
[BlackTeamCountry "BOL"]

1. e4 e6 2. d4 d5 3. Nc3 dxe4 4. Nxe4 Bd7 5. Nf3 Bc6 6. Bd3 Nd7 7. 0-0 Be7 8. Qe2 Ngf6 9. c3 0-0 10. Bf4 Nxe4 11. Bxe4 Bxe4 12. Qxe4 c6 13. Rfe1 Qa5 14. Ne5 Rad8 15. a4 Qd5 16. Qc2 Nxe5 17. Rxe5 Qc4 18. Ra5 Rxd4 19. Be3 Rd7 20. b3 Qg4 21. h3 Qh4 22. Bxa7 Bd8 23. Re5 b6 24. Re4 Qh5 25. Bb8 Bf6 26. Bg3 Rfd8 27. Rc4 c5 28. Qe4 Rd1+ 29. Rxd1 Qxd1+ 30. Kh2 Qxb3 31. Bc7 Rd5 32. a5 bxa5 33. Rxc5 Bd8 34. Bxd8 Rxc5 35. Qa8 Qd5 36. Qb8 Qe5+ 0-1

[Event "Olympiad-37"]
[Site "Turin"]
[Date "2006.06.04"]
[Round "13"]
[White "Ferster, Fabian"]
[Black "Singh, Ravishen"]
[Result "1-0"]
[WhiteElo "2061"]
[BlackElo "2133"]
[PlyCount "67"]
[EventDate "2006.05.21"]
[EventType "team-swiss"]
[EventRounds "13"]
[EventCountry "ITA"]
[SourceTitle "CBM 113"]
[Source "ChessBase"]
[SourceDate "2006.07.31"]
[SourceVersion "1"]
[SourceVersionDate "2006.07.31"]
[SourceQuality "1"]
[WhiteTeam "Liechtenstein"]
[BlackTeam "Trinidad and Tobago"]
[WhiteTeamCountry "LIE"]
[BlackTeamCountry "TRI"]

1. e4 c5 2. Nf3 d6 3. d4 cxd4 4. Nxd4 Nf6 5. Nc3 a6 6. Be3 e6 7. f3 b5 8. g4 h6 9. Qd2 Nbd7 10. 0-0-0 Bb7 11. Be2 b4 12. Nb1 d5 13. h4 dxe4 14. f4 Nd5 15. g5 Nc5 16. g6 f5 17. Bc4 Nxe3 18. Qxe3 Qf6 19. a3 Bd5 20. Bxd5 exd5 21. axb4 Na4 22. Qb3 Nb6 23. Nc3 Rd8 24. b5 Bc5 25. Nc6 Rd6 26. Nxd5 Nxd5 27. Rxd5 Be3+ 28. Kb1 Bxf4 29. Rf1 axb5 30. Rxf4 Rxc6 31. Rfxf5 Qxg6 32. Rfe5+ Re6 33. Qxb5+ Ke7 34. Qd7+ 1-0

[Event "Olympiad-37"]
[Site "Turin"]
[Date "2006.05.31"]
[Round "10"]
[White "Ferster, Fabian"]
[Black "Dukaczewski, Piotr"]
[Result "0-1"]
[WhiteElo "2061"]
[BlackElo "2372"]
[PlyCount "80"]
[EventDate "2006.05.21"]
[EventType "team-swiss"]
[EventRounds "13"]
[EventCountry "ITA"]
[SourceTitle "CBM 113"]
[Source "ChessBase"]
[SourceDate "2006.07.31"]
[SourceVersion "1"]
[SourceVersionDate "2006.07.31"]
[SourceQuality "1"]
[WhiteTeam "Liechtenstein"]
[BlackTeam "IBCA"]
[WhiteTeamCountry "LIE"]

1. e4 c5 2. Nf3 Nc6 3. Nc3 d6 4. d4 cxd4 5. Nxd4 Nf6 6. Bc4 Qb6 7. Ndb5 a6 8. Be3 Qa5 9. Nd4 e6 10. 0-0 Be7 11. Bb3 0-0 12. f4 Bd7 13. Kh1 Rfe8 14. f5 Nxd4 15. Bxd4 e5 16. Be3 Bc6 17. Qf3 Rac8 18. Bd2 b5 19. g4 Qxc3 20. Qxc3 Bxe4+ 21. Kg1 Rxc3 22. Bxc3 d5 23. h3 g6 24. fxg6 hxg6 25. Kh2 Nd7 26. Rae1 Rf8 27. a4 b4 28. Bd2 Kg7 29. a5 Nf6 30. Re2 Nxg4+ 31. Kg3 Nf6 32. c3 Bd3 33. Rfe1 Bxe2 34. Rxe2 Rb8 35. Bd1 bxc3 36. bxc3 Ne4+ 37. Kg2 f5 38. Ba4 f4 39. Be1 Rf8 40. Rb2 f3+ 0-1